Sports Quiz

Random Sports Quiz

A-z skateboard brands Quiz Stats

 Plays Quiz not verified by Sporcle

Score 0/26 Timer 07:00
0 Plays Today
Letter % Correct
AAlien Workshop
88.2%
EElement
75.3%
BBaker
73.4%
DDGK
60.7%
GGirl
58.6%
FFlip
52.8%
CChocolate
50.3%
ZZoo York
47.5%
HHurley
38.8%
PPlan B
37.4%
II Path
36.8%
KKr3w
28.6%
SSpitfire
26.9%
Letter % Correct
VVolcom
26.6%
LLucky
24.5%
TToy Machine
22.8%
NNixon
20.7%
OOsiris
18.1%
WWorld Industries
17.9%
MMystery
17.4%
RReds
17.3%
JJessup
12.2%
QQuiksilver
11.5%
YYoung and Reckless
5.7%
UUnit
5.2%
XX Board
4.3%

You're not logged in!

Compare scores with friends on all Sporcle quizzes.
OR
Log In

Sporcle TV

Today on Sporcle TV


Watch our educational content, quiz creation guides, and fun videos on Sporcle TV.

Show Comments

Extras

Created Oct 25, 2010ReportNominate
Tags:A-Z, brand, skateboard

Top Quizzes Today


Score Distribution

Your Account Isn't Verified!

In order to create a playlist on Sporcle, you need to verify the email address you used during registration. Go to your Sporcle Settings to finish the process.

Report this User

Report this user for behavior that violates our Community Guidelines.

Details: